000 00390pab a2200145 454500
008 180718b2003 xxu||||| |||| 00| 0 eng d
100 _aAntonopoulos, Georgios A.
245 _aEthnic and racial minorities and the police: a review of the literature
260 _c2003
300 _ap.222-45.
650 _aEthnic groups
650 _aPolice
773 _aPolice Journal
909 _a59035
999 _c59035
_d59035